=LDR 00000nam 2200000 4500 =001 INLIS000000000023347 =005 20130612122024 =008 ***********************************Ind** =035 ##$$0010-061300000023347 =041 ##$$a Ind =090 ##$$a 657, Sum a =100 ##$$a Soemarso =245 ##$$a Akuntansi suatu pengantar, Soemarso SR =260 ##$$a 2000 $b Jakarta =300 ##$$a 484 hlm, 25 cm =650 ##$$a Akuntansi =850 ##$$a NBPNMAT =990 ##$$a 92063/BPAP-NTB/2014 =990 ##$$a 92064/BPAP-NTB/2014 =990 ##$$a 92281/BPAP-NTB/2014 =990 ##$$a 92536/BPAP-NTB/2014 =990 ##$$a 21601945/BPAP-NTB/2017 =990 ##$$a 1259012590 =990 ##$$a 92063/BPAP-NTB/2014 =990 ##$$a 92064/BPAP-NTB/2014 =990 ##$$a 92281/BPAP-NTB/2014 =990 ##$$a 92536/BPAP-NTB/2014 =990 ##$$a 21601945/BPAP-NTB/2017 =990 ##$$a 01201436134 =990 ##$$a 01201436134 =990 ##$$a 92063/BPAP-NTB/2014 =990 ##$$a 92064/BPAP-NTB/2014 =990 ##$$a 92281/BPAP-NTB/2014 =990 ##$$a 92536/BPAP-NTB/2014 =990 ##$$a 21601945/BPAP-NTB/2017 =990 ##$$a 01201436134 =990 ##$$a 92063/BPAP-NTB/2014 =990 ##$$a 92064/BPAP-NTB/2014 =990 ##$$a 92281/BPAP-NTB/2014 =990 ##$$a 92536/BPAP-NTB/2014 =990 ##$$a 21601945/BPAP-NTB/2017